| 000 | 00655nam a22001577a 4500 | ||
|---|---|---|---|
| 003 | OSt | ||
| 005 | 20150910104039.0 | ||
| 008 | 150910b xxu||||| |||| 00| 0 eng d | ||
| 040 | _cRUA | ||
| 082 | _aAGR ពូ 1994 B010 Or.1 | ||
| 100 |
_9213 _aពូ សុវណ្ណ |
||
| 245 | _aវិធានការទប់ស្កាក់កំហុសឆ្គងនៃការប្រើប្រាស់ថ្នាំកសិកម្មក្នុងបព្រះរាជាណាចក្រកម្ពូជាពេលបច្ចុប្បន្ន | ||
| 260 |
_aPhnom Penh _bRUA _c1994 |
||
| 300 |
_a104p. _bill. _c29cm. |
||
| 942 |
_2ddc _cAGR |
||
| 999 |
_c196 _d196 |
||